000 00250nam a2200097Ia 4500
001 1210704
005 20250827024423.0
008 250824s9999 xx 000 0 und d
245 0 _aKUMRAL ADA MAVİ TUNA B3
_cBUKET UZUNER
260 _bEVEREST YAYINLARI
999 _c1210704
_d1210704